| 000 | 01946nam0a2200373 4500 | ||
|---|---|---|---|
| 001 | RU\NLR\bibl\1834502 | ||
| 005 | 20260407111416.0 | ||
| 010 |
_a978-5-292-04037-8 _9300 |
||
| 021 |
_aRU _b2011-82230 _95864 |
||
| 035 | _a(NLR Aleph) 001824990 | ||
| 090 |
_a2058323 _c2058323 |
||
| 100 | _a20111116d2011 |||y0rusy50 ca | ||
| 101 | 0 | _arus | |
| 102 | _aRU | ||
| 105 | _ay ||||||||| | ||
| 200 | 1 |
_aКонсультативная психология: теоретические и прикладные проблемы _f[М.М. Орлова, И.А. Красильников, Е.В. Рягузова и др.] _gпод ред. М.М. Орловой _gСарат. гос. ун-т им. Н.Г. Чернышевского |
|
| 210 |
_aСаратов _cИзд-во Саратовского университета _d2011 |
||
| 215 |
_a209, [2] с. _d21 |
||
| 300 | _aНа 211-й с. авт.: кандидаты психол. наук, доценты М.М. Орлова, И.А. Красильников, Е.В. Рягузова [и др.] | ||
| 300 | _aАвт. указаны на обороте тит. л. | ||
| 320 | _aБиблиогр. в конце ст. | ||
| 606 | 1 |
_aКонсультативная психология _91365555 _3RU\NLR\auth\66571704 |
|
| 686 | _aЮ949.2 | ||
| 701 | 1 |
_4070 _7ca _8rus _aОрлова _bМ. М. _cканд. психол. наук _f1955- _gМария Михайловна _946195 _3RU\NLR\AUTH\7763265 |
|
| 701 | 1 |
_aКрасильников _bИ. А. _gИгорь Александрович _4070 |
|
| 701 | 1 |
_aРягузова _bЕ. В. _gЕлена Владимировна _4070 |
|
| 712 | 0 | 2 |
_4570 _aСаратовский государственный университет им. Н. Г. Чернышевского _3RU\NLR\AUTH\889939158 _9373195 |
| 801 | 0 |
_aRU _bNLR _c20111116 _gRCR |
|
| 801 | 1 |
_aRU _bNLR _c20111116 |
|
| 942 | _cBOOK | ||
| 980 | _aNB | ||
| 980 | _aNBR | ||